Formula 1 Drivers of the 1990s - Statistics

General Stats
  • This quiz has been taken 140 times
  • The average score is 48 of 105
Answer Stats
Country Driver First Appearance % Correct
Brazil Ayrton Senna 1990
97%
France Alain Prost 1990
96%
Germany Michael Schumacher 1991
95%
Germany Ralf Schumacher 1997
95%
Canada Jacques Villeneuve 1996
92%
Finland Mika Häkkinen 1991
92%
United Kingdom Damon Hill 1992
89%
United Kingdom Nigel Mansell 1990
86%
Netherlands Jos Verstappen 1994
84%
Brazil Nelson Piquet 1990
84%
United Kingdom David Coulthard 1994
83%
Austria Gerhard Berger 1990
82%
Brazil Rubens Barrichello 1993
80%
France Jean Alesi 1990
77%
Germany Heinz-Harald Frentzen 1994
74%
United Kingdom Eddie Irvine 1993
70%
Denmark Jan Magnussen 1995
68%
Belgium Thierry Boutsen 1990
68%
Italy Giancarlo Fisichella 1996
67%
United Kingdom Johnny Herbert 1990
66%
Finland Mika Salo 1994
66%
France Olivier Panis 1994
66%
United States Michael Andretti 1993
64%
Italy Jarno Trulli 1997
63%
Italy Riccardo Patrese 1990
63%
United Kingdom Martin Brundle 1991
62%
Austria Alexander Wurz 1997
60%
Finland JJ Lehto 1990
60%
Japan Aguri Suzuki 1990
59%
Japan Toshio Suzuki 1993
59%
Italy Andrea de Cesaris 1990
58%
Italy Michele Alboreto 1990
58%
Spain Pedro de la Rosa 1999
57%
Italy Alessandro Zanardi 1991
55%
United Kingdom Mark Blundell 1991
55%
Brazil Pedro Diniz 1995
55%
Japan Satoru Nakajima 1990
55%
Brazil Ricardo Zonta 1999
54%
Italy Alessandro Nannini 1990
52%
Austria Karl Wendlinger 1991
52%
Austria Roland Ratzenberger 1994
52%
Italy Nicola Larini 1990
50%
Sweden Stefan Johansson 1990
50%
Brazil Christian Fittipaldi 1992
49%
Japan Ukyo Katayama 1992
49%
Australia David Brabham 1990
48%
Australia Gary Brabham 1990
48%
Italy Ivan Capelli 1990
47%
Japan Toranosuke Takagi 1998
47%
Brazil Riccardo Rosset 1996
46%
Brazil Roberto Moreno 1990
46%
Spain Marc Gené 1999
45%
Portugal Pedro Lamy 1993
45%
Argentina Esteban Tuero 1998
43%
Italy Gianni Morbidelli 1990
43%
Brazil Maurício Gugelmin 1990
43%
United Kingdom Derek Warwick 1990
40%
France Philippe Alliot 1990
40%
Japan Shinji Nakano 1997
40%
Belgium Bertrand Gachot 1990
39%
Japan Taki Inoue 1994
39%
Italy Stefano Modena 1990
38%
Italy Luca Badoer 1993
37%
Italy Pierluigi Martini 1990
34%
Brazil Tarso Marques 1996
34%
Italy Emanuele Pirro 1990
33%
Argentina Norberto Fontana 1997
33%
Monaco Olivier Beretta 1994
32%
France Stéphane Sarrazin 1999
29%
France Éric Bernard 1990
28%
Italy Gabriele Tarquini 1990
28%
Italy Alex Caffi 1990
27%
Belgium Eric van de Poele 1991
26%
France Jean-Christophe Boullion 1995
26%
Italy Massimiliano Papis 1995
25%
Italy Andrea Montermini 1994
24%
Italy Bruno Giacomelli 1990
24%
Italy Fabrizio Barbazza 1991
24%
Netherlands Jan Lammers 1992
24%
Italy Vincenzo Sospiri 1997
24%
Switzerland Jean-Denis Delétraz 1994
23%
France Paul Belmondo 1992
23%
United Kingdom Martin Donnelly 1990
22%
Italy Emanuele Naspetti 1992
21%
Switzerland Gregor Foitek 1990
21%
France Olivier Grouillard 1990
21%
United Kingdom Perry McCarthy 1992
21%
Germany Bernd Schneider 1990
20%
Japan Hideki Noda 1994
20%
Italy Marco Apicella 1993
20%
Belgium Philippe Adams 1994
20%
France Jean-Marc Gounon 1993
18%
Italy Giovanna Amati 1992
17%
Italy Giovanni Lavaggi 1995
17%
Switzerland Andrea Chiesa 1992
16%
Italy Domenico Schiattarella 1994
16%
Portugal Pedro Chaves 1991
16%
United Kingdom Julian Bailey 1991
15%
Germany Michael Bartels 1991
15%
Italy Paolo Barilla 1990
15%
France Yannick Dalmas 1990
15%
France Frank Lagorce 1994
14%
Japan Naoki Hattori 1991
14%
Italy Claudio Langes 1990
9%
Italy Enrico Bertaggia 1992
8%
No matching quizzes found
Score Distribution
Percent of People with Each Score
Percentile by Number Answered
Your Score History
You have not taken this quiz